Está en peligro la cultura?. Coloquio sobre los medios de información prensa, cine, radio, televisión

Uloženo v:
Podrobná bibliografie
Hlavní autoři: Duhamel, Georges (Autor), Babel, Antony (Autor), Porché, Wladimir (Autor), Devoto, Giacomo (Autor), Chamson, André (Autor), Salis, Jean de (Autor)
Médium: Kniha
Jazyk:španělština
Vydáno: Madrid Guadarrama 1958
Vydání:1a. ed
Edice:Crítica y ensayo, 12
Témata:
Tagy: Přidat tag
Žádné tagy, Buďte první, kdo vytvoří štítek k tomuto záznamu!

MARC

LEADER 00000cam a2200000 a 4500
001 UCR4382
003 CL-VaPUC
008 980307e19580000SP |||||||||||||||||spa|d
082 0 4 |a 302.23  |b DUH  |2 21 
100 0 |a Duhamel, Georges  |e author  |9 404394 
700 0 |a Babel, Antony  |e author  |9 404395 
700 0 |a Porché, Wladimir  |e author  |9 404396 
700 0 |a Devoto, Giacomo  |e author  |9 404397 
700 0 |a Chamson, André  |e author  |9 404398 
700 0 |a Salis, Jean de  |e author  |9 404399 
245 1 0 |a Está en peligro la cultura?. Coloquio sobre los medios de información prensa, cine, radio, televisión 
250 |a 1a. ed 
300 |a 418 p 
942 |c BK 
945 |d 19980307 00:00:00  |a aolguin 
260 |a Madrid  |b Guadarrama  |c 1958 
650 0 |a Medios de comunicación  |9 257206 
650 7 |a DIFUSION DE LA INFORMACION  |2 CL-VaPUC  |9 337810 
650 7 |a DIFUSION DE LA CULTURA  |2 CL-VaPUC  |9 337273 
650 0 |a Libertad de información  |9 257205 
583 |a last modification  |c 20180517 01:17:02  |k Rodrigo Vera 
490 0 |a Crítica y ensayo, 12 
999 |c 267325  |d 267323 
952 |0 0  |1 0  |3 erd  |4 0  |6 302_230000000000000_DUH_1958  |7 0  |8 A  |9 299599  |a BIBDER  |b BIBDER  |i 5470137  |o 302.23 DUH 1958  |p 5470137  |r 2023-01-25  |w 2019-11-20  |y BK  |z Catalogado en:20180518  |k DER